| 000 | 00692nam a2200241Ia 4500 | ||
|---|---|---|---|
| 003 | GCL | ||
| 008 | 140319s9999 xx 000 0 ara d | ||
| 040 |
_aGCL / _cGCL |
||
| 082 | 0 | 4 |
_aد _b050 |
| 100 | 1 | _aعفيف البهنسى | |
| 245 | 1 | 0 |
_aجمالية الفن العربى (عالم المعرفة 14) / _cعفيف البهنسى |
| 300 | _a260 ص | ||
| 490 |
_aعالم المعرفة _v0 |
||
| 650 | 0 | 4 | _aالعمارة |
| 650 | 0 | 4 | _aالخط العربى |
| 650 | 0 | 4 | _aالخط |
| 650 | 0 | 4 | _aالفنون التشكيلية |
| 650 | 0 | 4 | _aالتصوير |
| 650 | 0 | 4 | _aالخازن |
| 650 | 0 | 4 | _aالفن العربى |
| 650 | 0 | 4 | _aالخط - زخرفة |
| 942 |
_2ddc _cBK |
||
| 999 |
_c50261 _d50261 |
||